000 01989nam a2200457 c 4500
999 _c152310
_d152310
003 BLK
005 20220225095558.0
008 180410b bul|||||r ||||||| ||bul||
010 _aKNG00158782000
020 _a978-954-337-202-7
040 _aBLK
041 _aBUL
_cBUL
072 7 _2bullib
_aРА
_xРусенски автори
072 7 _2bullib
_aЯ
_xАвтографи
072 7 _2bullib
_aК
_xКраезнание
080 _aБългарска литература
_b821.163.2
_x-94
_z821.163.2-94
080 _aОтделни родове. Фамилии. История на родовете
_b929.52
_x(497.215)
_z929.52(497.215)
100 1 _aДенчева-Зебилянова, Монна Рина
_eпърви автор
_9331743
139 _aЗебилянова, Монна Рина Йорданова
_bЗ 51
245 1 0 _aПътуване към спомена
_bЕтногр.-биогр. кн.
_cМонна Рина Денчева-Зебилянова; * Монна Рина Йорданова Зебилянова.
257 _aBGR
260 _bАвангард принт
_c2013
_fВ. Търново : Ира прес
300 _a214 с.
_bс ил.
_c24 см
380 _aX
500 _aВъзприета форма на името на авт. е Монна Рина Йорданова Зебилянова.
650 4 _aРодове, български - Русенско
_9265758
651 4 _aБългария
_9241624
651 4 _aРусе
_9179462
653 _aбългарски родове
653 _aспомени
653 _aрусенски родове
659 _aК
659 _aН
659 _aЯ
700 1 _aЗебилянова, Монна Рина Йорданова
_e*
_9380756
852 _aЦб 268267
852 _aК 821.163.2/З-51 М
856 4 _qpdf
856 4 _qpdf
942 _cKNG
_n0
_s1
944 _aCR
_c28.03.2014
_lф /
_kПенка_Димитрова
944 _aED
_c28.07.2015
_lф /
_kЛюдмила_Стоянова
999 _d152310